000 00354 a2200109 4500
001 ART_11437
005 20260410161857.0
008 260409a
245 1 0 _aLa reforma de la empresa en un entorno competitivo y globalizado
100 1 _aAlvarez, Héctor Felipe
773 0 _tRevista de Economía
_g- Nº 73 (abr./jun. 1994)
_wREV11077
999 _c25574
_d25574